|
|
|
|
| LEADER |
02301nam a22005055i 4500 |
| 001 |
978-3-319-00870-7 |
| 003 |
DE-He213 |
| 005 |
20151204161721.0 |
| 007 |
cr nn 008mamaa |
| 008 |
130722s2014 gw | s |||| 0|eng d |
| 020 |
|
|
|a 9783319008707
|9 978-3-319-00870-7
|
| 024 |
7 |
|
|a 10.1007/978-3-319-00870-7
|2 doi
|
| 040 |
|
|
|d GrThAP
|
| 050 |
|
4 |
|a BJ1-1725
|
| 072 |
|
7 |
|a HPQ
|2 bicssc
|
| 072 |
|
7 |
|a PHI005000
|2 bisacsh
|
| 082 |
0 |
4 |
|a 170
|2 23
|
| 100 |
1 |
|
|a Newton, Lisa.
|e author.
|
| 245 |
1 |
0 |
|a Business Ethics in the Social Context
|h [electronic resource] :
|b Law, Profits, and the Evolving Moral Practice of Business /
|c by Lisa Newton.
|
| 264 |
|
1 |
|a Heidelberg :
|b Springer International Publishing :
|b Imprint: Springer,
|c 2014.
|
| 300 |
|
|
|a X, 100 p.
|b online resource.
|
| 336 |
|
|
|a text
|b txt
|2 rdacontent
|
| 337 |
|
|
|a computer
|b c
|2 rdamedia
|
| 338 |
|
|
|a online resource
|b cr
|2 rdacarrier
|
| 347 |
|
|
|a text file
|b PDF
|2 rda
|
| 490 |
1 |
|
|a SpringerBriefs in Ethics,
|x 2211-8101
|
| 505 |
0 |
|
|a Prefatory Note -- Introduction: The Nature of this text -- Chapter 1. Can Business Be a Moral Enterprise? -- Chapter 2. Employee Rights and Responsibilities The Internal Constituencies of Business -- Chapter 3: Customers, Community, and World: The External Constituencies of Business.
|
| 520 |
|
|
|a The book tracks the rise of Business Ethics as a discipline in the United States through a review of the basic understandings of the role of business practices in the operations of society, beginning with Aristotle and proceeding to a review of the formative concepts and cases in the history of American business.
|
| 650 |
|
0 |
|a Philosophy.
|
| 650 |
|
0 |
|a Business ethics.
|
| 650 |
|
0 |
|a Ethics.
|
| 650 |
|
0 |
|a Philosophy and social sciences.
|
| 650 |
|
0 |
|a Law and economics.
|
| 650 |
1 |
4 |
|a Philosophy.
|
| 650 |
2 |
4 |
|a Ethics.
|
| 650 |
2 |
4 |
|a Business Ethics.
|
| 650 |
2 |
4 |
|a Philosophy of the Social Sciences.
|
| 650 |
2 |
4 |
|a Law and Economics.
|
| 710 |
2 |
|
|a SpringerLink (Online service)
|
| 773 |
0 |
|
|t Springer eBooks
|
| 776 |
0 |
8 |
|i Printed edition:
|z 9783319008691
|
| 830 |
|
0 |
|a SpringerBriefs in Ethics,
|x 2211-8101
|
| 856 |
4 |
0 |
|u http://dx.doi.org/10.1007/978-3-319-00870-7
|z Full Text via HEAL-Link
|
| 912 |
|
|
|a ZDB-2-SHU
|
| 950 |
|
|
|a Humanities, Social Sciences and Law (Springer-11648)
|